Mercado de trabajo y pobreza rural: los desafíos pendientes /
में बचाया:
| मुख्य लेखक: | |
|---|---|
| स्वरूप: | मूलपाठ |
| टैग: |
टैग जोड़ें
कोई टैग नहीं, इस रिकॉर्ड को टैग करने वाले पहले व्यक्ति बनें!
|
MARC
| LEADER | 00000 a a2200000 04500 | ||
|---|---|---|---|
| 001 | 45818 | ||
| 003 | |||
| 040 | |a CRAI/IIS |c CRAI/IIS | ||
| 100 | |a Klein, Emilio | ||
| 245 | |a Mercado de trabajo y pobreza rural: |b los desafíos pendientes / |c Emilio Klein | ||
| 773 | |g páginas 74-83 | ||
| 999 | |c 18504 |d 18504 | ||
